LEADER 01225naa a2200229 u 4500 001 000000103699 003 CaOOAMICUS 005 20070226130217.0 008 061121s1964 be u000 u fre u 035 $a11107711 040 $aIAR$bita 100 1 $aPelzer, Auguste,$csac.,$d1876-1958.$0(OLS)http://pul/name/4848 245 14$aUne source inconnue de Roger Bacon :$bAlfred de Sareshel, commentateur des >Météorologiques< d'Aristote /$cAuguste Pelzer (+) 260 $aLouvain :$bPublications universitaires ;$aParis :$bBéatrice Nauwelaerts,$c1964. 300 $ap. 241-271 ;$c25 cm 500 $aIAR: CCI.684 600 04$aAlfredus Anglicus,$cfilosofo,$df. c. 1215.$0(OLS)http://pul/subject/30249 773 0 $aÉtudes d'histoire littéraire sul la scolastique médiévale. 773 0 $aPelzer, Auguste.$tÉtudes d'histoire littéraire sur la scolastique médiévale : Recueil d'articles$g8$w()23414 996 $6245$aUne source inconnue de Roger Bacon :$bAlfred de Sareshel, commentateur des >Météorologiques< d'Aristote$9(OLS)http://pul/title/130603 996 $6260$aLouvain :$bPublications universitaires$9(OLS)http://pul/publisher/49936 996 $6260$aParis :$bBéatrice Nauwelaerts$9(OLS)http://pul/publisher/58014 LEADER 01234nam a2200253 a 4500 001 000000143537 003 CaOOAMICUS 005 20150525121415.0 008 150525s1986 it u000 u ita r 040 $aPUL$bita 100 1 $aVero Tarca, Luigi,$d1947-$0(OLS)http://pul/name/92245 245 13$aIl linguaggio sub specie aeterni :$bla filosofia di Ludwig Wittgenstein come attività razionale ed esperienza mistica /$cLuigi Tarca. 260 $aAbano Terme :$bFrancisci,$c1986. 300 $a436 p. ;$c20 cm 490 1 $aMateriali e ricerche. Sezione di studi filosofici ;$v19 504 $aBibliografia in nota. 600 14$aWittgenstein, Ludwig,$d1889-1951$xFilosofia.$0(OLS)http://pul/subject/2057 830 0$aMateriali e ricerche.$pSezione di studi filosofici ;$v19.$0(OLS)http://pul/title/181621 850 $aPUL 852 $aPUL$W1$xDP1 Fondo S. Lanza$y121$m2 A 26$j1893$qFondi$B165949$CPULBib$Z2$F165949 $HLan1452 $81 941 1 $a1 996 $6245$aIl linguaggio sub specie aeterni :$bla filosofia di Ludwig Wittgenstein come attività razionale ed esperienza mistica$9(OLS)http://pul/title/181620 996 $6260$aAbano Terme :$bFrancisci$9(OLS)http://pul/publisher/70799